Catálogo

CONTROL CEREBRAL Y EMOCIONAL : (Registro nro. 16054)

Detalles MARC
000 -LEADER
fixed length control field 00520nam a2200181 a 4500
001 - CONTROL NUMBER
control field 16054
005 - DATE AND TIME OF LATEST TRANSACTION
control field 20180713204858.0
008 - FIXED-LENGTH DATA ELEMENTS--GENERAL INFORMATION
fixed length control field 140415s1988 000 0 spa d
020 ## - INTERNATIONAL STANDARD BOOK NUMBER
International Standard Book Number 968442051X
041 ## - LANGUAGE CODE
Language code of text/sound track or separate title spa
082 ## - DEWEY DECIMAL CLASSIFICATION NUMBER
Classification number 153.8
Item number IRA
100 1# - MAIN ENTRY--PERSONAL NAME
Personal name IRALA S. J., NARCISO
245 10 - TITLE STATEMENT
Title CONTROL CEREBRAL Y EMOCIONAL :
Remainder of title MANUAL PRACTICO DE FELICIDAD Y SALUD
250 ## - EDITION STATEMENT
Edition statement 2a ed.
260 ## - PUBLICATION, DISTRIBUTION, ETC.
Place of publication, distribution, etc. [s.l.] :
Name of publisher, distributor, etc. PARROQUIAL DE CLAVERIA,
Date of publication, distribution, etc. 1988
300 ## - PHYSICAL DESCRIPTION
Extent 288
650 14 - SUBJECT ADDED ENTRY--TOPICAL TERM
Topical term or geographic name entry element AUTOCONTROL
General subdivision DOMINIO DE SI MISMO
Existencias
Withdrawn status Lost status Source of classification or shelving scheme Damaged status Not for loan Collection code Home library Current library Shelving location Date acquired Source of acquisition Inventory number Total Checkouts Total Renewals Full call number Barcode Date last seen Date last checked out Price effective from Koha item type
    Dewey Decimal Classification     General Biblioteca Karol Wojtyla Biblioteca Karol Wojtyla Sala general 03/12/2013 Compra 151000000000000000064329 2 2 153.8 IRA 33770 05/01/2026 03/09/2019 03/12/2013 Libro